Educational status of freed / Denotified communities in the states of west bengal,delhi,rajasthan,jharkhand,odisha and bihar / (Record no. 38576)
[ view plain ]
| 000 -LEADER | |
|---|---|
| fixed length control field | 00429nam a22001217a 4500 |
| 082 ## - DEWEY DECIMAL CLASSIFICATION NUMBER | |
| Classification number | RA.0238 |
| 100 ## - MAIN ENTRY--AUTHOR NAME | |
| Personal name | [S.N] |
| Affiliation | Apne aap women worldwide |
| 245 ## - TITLE STATEMENT | |
| Title | Educational status of freed / Denotified communities in the states of west bengal,delhi,rajasthan,jharkhand,odisha and bihar / |
| 260 ## - PUBLICATION, DISTRIBUTION, ETC. (IMPRINT) | |
| Place of publication | [S.L] : |
| Name of publisher/Sponsor | Apne aap women worldwide, |
| Year of publication | 2014 |
| 536 ## - FUNDING INFORMATION NOTE | |
| Funding Agency | ICSSR |
| 650 ## - SUBJECT ADDED ENTRY--TOPICAL TERM | |
| Topical Term | community-based education |
| Form subdivision | Freed slaves |
| 942 ## - ADDED ENTRY ELEMENTS (KOHA) | |
| Source of classification or shelving scheme | Dewey Decimal Classification |
| Koha item type | Research Reports |
| Withdrawn status | Lost status | Damaged status | Use restrictions | Not for loan | Collection code | Home library | Current library | Date acquired | Source of acquisition | Full call number | Accession Number | Price effective from | Koha item type |
|---|---|---|---|---|---|---|---|---|---|---|---|---|---|
| Restricted Access | Not For Loan | ICSSR Research Project Reports | NASSDOC Library | NASSDOC Library | 28/07/2023 | ICSSR Research project reports division | RA.0238 | 53670 | 28/07/2023 | Research Reports |
